|
|
|
|
| LEADER |
01083nam a2200301 a 4500 |
| 001 |
1182292 |
| 008 |
091121s1997 dcua b i000 0 eng d |
| 010 |
|
|
|a \\\97037335
|
| 020 |
|
|
|a 0821340395
|
| 040 |
|
|
|a DLC
|c DLC
|d DLC
|
| 082 |
0 |
0 |
|a 337.1/54
|2 21
|
| 245 |
0 |
0 |
|a South Asia's integration into the world economy /
|c Miria Pigato ... [et al.].
|
| 260 |
|
|
|a Washington, D.C. :
|b World Bank,
|c c1997.
|
| 300 |
|
|
|a v, 115 p. :
|b ill. ;
|c 28 cm.
|
| 504 |
|
|
|a Includes bibliographical references (p. 59-62).
|
| 541 |
1 |
|
|e 00006418
|
| 651 |
|
0 |
|a South Asia
|x Economic integration.
|
| 651 |
|
0 |
|a South Asia
|x Commerce.
|
| 700 |
1 |
|
|a Pigato, Miria.
|
| 700 |
1 |
|
|a Farah, Caroline.
|
| 700 |
1 |
|
|a Itakura, Ken.
|
| 700 |
1 |
|
|a Jun, Kwang.
|
| 700 |
1 |
|
|a Martin, Will.
|
| 700 |
1 |
|
|a Murrell, Kim.
|
| 700 |
1 |
|
|a Srinivasan, T. G.
|
| 852 |
4 |
|
|a Ayesha Abed Library
|j General shelf
|
| 999 |
|
|
|c 5664
|d 5664
|
| 952 |
|
|
|0 0
|1 0
|2 ddc
|4 0
|6 337_154000000000000_SOU
|7 0
|9 5583
|a BRACUL
|b BRACUL
|c GEN
|d 2009-11-21
|g 0.00
|l 0
|o 337.154 SOU
|p 3010006418
|r 2009-11-21
|t 1
|w 2009-11-21
|y BK
|x No price found in the accession register.
|